00888nam a2200217 a 450000100060000000300090000600800410001504000280005608200180008410000260010224500340012826000570016230000100021949000780022959000690030765000470037665000650042394200120048899900170050095201530051712741CO-ViMGA141112s2004 ck r 000 u spa d aCO-ViMGAbspacCO-ViMGA04aCo868.42 Z1411 aZalamea, Jorge94786410aLiteratura, Política y Arte aBogotá : bInstituto Colombiano de Cultura, c1978 a870p. aSubdirección de comunicaciones culturales, Biblioteca Basica Colombiana aForma de adquisición : DONACION - - Proveedor : HERNANDO PARRA14aLITERATURA COLOMBIANA - COLECCIONES91842014aZALAMEA JORGE - 1905 - 1969 - COLECCIONES DE ESCRITOS918421 2ddccBK c23685d23685 01102ddc44708003aMEVIECARbMEVIECARd2015-12-04hVolumen. 1 | 11/jun/2009l0oCo868.42 Z141 p12741r2015-12-04 00:00:00tEj. 1w2015-12-04yBK